<A> Dictionary of Statistical Terms

Salvato in:
Dettagli Bibliografici
Autore principale: Marriott, F.H.C
Natura: Libro
Lingua:inglese
Pubblicazione: Harlow Longman 1990
Edizione:5. ed.
Tags: Aggiungi Tag
Nessun Tag, puoi essere il primo ad aggiungerne!!

MARC

LEADER 00000nam a2200000 4500
001 c037969
005 20221215113550.1
041 0 |a eng 
044 |a GB 
245 1 0 |a <A> Dictionary of Statistical Terms  |c F.H.C. Marriott 
250 |a 5. ed. 
264 1 |a Harlow  |b Longman  |c 1990 
300 |a 223 s. 
100 1 |a Marriott, F.H.C.